UCL and UEL Winners - Statistics

General Stats
  • This quiz has been taken 36 times
  • The average score is 8 of 11
Answer Stats
Hint Answer % Correct
2017 Manchester United
97%
2013 Chelsea
87%
1985 Real Madrid
87%
1996 Bayern München
81%
2003 Porto
81%
1992 Ajax
74%
1991 Inter Milan
74%
1985 Juventus
71%
1977 Liverpool
61%
1988 PSV
58%
1974 Feyenoord
55%
No matching quizzes found
Score Distribution
Percent of People with Each Score
Percentile by Number Answered
Your Score History
You have not taken this quiz